000 00398 a2200169 4500
001 187917
020 _a978-85-01-07800-1
040 _cMagnum
100 _aIggulden, Hal
240 1 0 _aO livro perigoso para garotos
_lpor
245 1 0 _aO livro perigoso para garotos
300 _a319
362 0 _a2007
440 1 _aRecord
697 _aLITERATURA INFANTO-JUVENIL ESTRANGEIRA
942 _cBK
999 _c187917
_d187917